| 000 | 01113nam a2200325 i 4500 | ||
|---|---|---|---|
| 001 | 000045017 | ||
| 003 | DO-SdBNP | ||
| 005 | 20241009100000.0 | ||
| 007 | ta | ||
| 008 | 090909s1989 dr a 000 0 spa d | ||
| 040 |
_aDO-SdBNP _bspa _cBNPHU _erda |
||
| 082 | 4 |
_a111.85 _bM671e _222 |
|
| 100 | 1 |
_aMir, Pedro, _d1913-2000 _eautor _97245 _4aut. |
|
| 245 | 1 | 3 |
_aLa estética del soldadito / _cPedro Mir. |
| 264 |
_aSanto Domingo : _bUniversitaria-UASD, _c1989. |
||
| 300 |
_a400 páginas : _bilustraciones ; _c21 cm. |
||
| 336 |
_2rdacontent _atexto _btxt |
||
| 337 |
_2rdamedia _asin mediación _bn |
||
| 338 |
_2rdacarrier _avolumen _bnc |
||
| 490 |
_aArte y sociedad ; _v32 |
||
| 490 |
_aPublicaciones de la Universidad Autónoma de Santo Domingo ; _v609 |
||
| 500 | _aIncluye referencias bibliográficas y notas al pie de las páginas | ||
| 590 | _aInventariado, 2018/LP | ||
| 650 | 4 |
_aEstética _9653 |
|
| 650 | 0 |
_aComunicación _9378 |
|
| 650 | 4 |
_aArte y literatura _9652 |
|
| 710 | 2 |
_aUniversidad Autónoma de Santo Domingo _972951 |
|
| 910 | _aValidado. Controlde calidad MFF | ||
| 942 |
_2ddc _cLBS1 |
||
| 999 |
_c44506 _d44506 |
||